| 000 | 01772nam a2200301 a 4500 | ||
|---|---|---|---|
| 001 | 78324 | ||
| 003 | BD-RjUL | ||
| 005 | 20211209083122.0 | ||
| 008 | 210908s2018 bg a|||| m||| 00| 0 ben d | ||
| 035 | _a(BD-RjUL)78550 | ||
| 040 |
_aBD-RjUL _bben / eng _cBD-RjUL _dBD-RjUL |
||
| 041 | _aben | ||
| 082 |
_a305.486945 _bDAH 2018 _223 |
||
| 100 |
_aদাষ, জয়শ্রী _9247571 |
||
| 245 | 1 | 0 |
_aহিন্দুশাস্ত্রে নারী / _cজয়শ্রী, দাষ _6গবেষণা তত্ত্বাবধায়ক : নিখিল রঞ্জন বিশ্বাস |
| 260 |
_aরাজশাহী : _bসংস্কৃত বিভাগ, রাজশাহী বিশ্ববিদ্যালয়, _c২০১৮ |
||
| 300 |
_av, [১] - ২৪২ পাতা : _bচিএ ; _c২৯ সেমি. |
||
| 502 | _aথিসিস (পিএইচ. ডি.) -- সংস্কৃত বিভাগ, রাজশাহী বিশ্ববিদ্যালয়, ২০১৮ | ||
| 504 | _aগ্রন্থপঞ্জি : পাতা [২১৫]-২১৯ | ||
| 650 |
_aহিন্দুশাস্ত্রে নারী _9247641 |
||
| 650 |
_aWomen in Hinduism _9247642 |
||
| 650 |
_aহিন্দু নারী _xসামাজিক অবস্থা। _9247643 |
||
| 650 |
_aHindu women _xSocial conditions. _9247644 |
||
| 650 |
_aনারীর অধিকার _xধর্মীয় দিক। _xহিন্দুশাস্ত্র _9247645 |
||
| 650 |
_aWomen's rights _xReligious aspects. _zHinduism _9247646 |
||
| 700 |
_aবিশ্বাস, নিখিল রঞ্জন, গবেষণা তত্ত্বাবধায়ক _9247574 |
||
| 942 |
_2ddc _cTHE |
||
| 999 |
_c78324 _d78324 |
||